|
|
|
|
| LEADER |
00000nab a2200000 a 4500 |
| 001 |
vtls011120047 |
| 003 |
SK-MaSNL |
| 005 |
20260303145453.0 |
| 008 |
230222|2012 xo |||||||||||||||||slo| |
| 015 |
|
|
|a SNBRB
|
| 035 |
|
|
|a (uuid)6c2b6d5d-2ce3-49ba-8b8a-f28c20141a20
|
| 035 |
|
|
|a (urnnbn)urn:nbn:sk:snk:ar-a08p3j
|
| 035 |
|
|
|a urn:nbn:sk:snk-ab9qnd
|
| 040 |
|
|
|a SNKBUCL
|b slo
|c SNKBUCL
|e AACR2
|
| 041 |
0 |
|
|a slo
|
| 044 |
|
|
|a xo
|c SK
|
| 100 |
1 |
|
|a Zorkóciová, Otília,
|d 1954-
|4 aut
|9 208210
|
| 245 |
1 |
0 |
|a Špecifiká marketingového mixu ako nástroja medzinárodných podnikateľských stratégií vo finančnom sektore
|c Otília Zorkóciová, Erika Mária Jamborová
|
| 700 |
1 |
|
|a Jamborová, Erika Mária
|4 aut
|9 418308
|
| 773 |
0 |
|
|t Studia commercialia Bratislavensia : vedecký časopis Obchodnej fakulty Ekonomickej univerzity v Bratislave
|g Roč. 5, č. 2 (2012), s. 131-142
|
| 954 |
|
|
|a odborná, vedecká literatúra pôvodná (slovenská)
|2 lita
|
| 958 |
|
|
|a OND
|
| 958 |
|
|
|a EUIPO
|
| 958 |
|
|
|a article13
|
| 999 |
|
|
|c 2003176
|d 2005106
|